<?xml version="1.0" encoding="UTF-8"?>
<record
    xmlns:xsi="http://www.w3.org/2001/XMLSchema-instance"
    xsi:schemaLocation="http://www.loc.gov/MARC21/slim http://www.loc.gov/standards/marcxml/schema/MARC21slim.xsd"
    xmlns="http://www.loc.gov/MARC21/slim">

  <leader>01059nam a22002417a 4500</leader>
  <controlfield tag="005">20100814154937.0</controlfield>
  <controlfield tag="008">090601t        xxu||||| |||| 00| 0 Ur d</controlfield>
  <datafield tag="010" ind1=" " ind2=" ">
    <subfield code="a">UR-7731</subfield>
  </datafield>
  <datafield tag="020" ind1=" " ind2=" ">
    <subfield code="c">150.00</subfield>
    <subfield code="a">9788190843409</subfield>
  </datafield>
  <datafield tag="035" ind1=" " ind2=" ">
    <subfield code="a">U-6285</subfield>
  </datafield>
  <datafield tag="040" ind1=" " ind2=" ">
    <subfield code="a">dpl</subfield>
    <subfield code="b">Urdu</subfield>
  </datafield>
  <datafield tag="082" ind1=" " ind2=" ">
    <subfield code="a">841</subfield>
  </datafield>
  <datafield tag="100" ind1=" " ind2=" ">
    <subfield code="a">&#x633;&#x6C1;&#x6CC;&#x644; &#x627;&#x62E;&#x62A;&#x631;</subfield>
    <subfield code="9">13525</subfield>
  </datafield>
  <datafield tag="245" ind1=" " ind2=" ">
    <subfield code="a">&#x645;&#x646;&#x62C;&#x645;&#x62F; &#x627;&#x641;&#x644;&#x627;&#x6A9; &#x6A9;&#x6D2;&#x633;&#x627;&#x626;&#x6D2;&#x62A;&#x644;&#x6D2; /</subfield>
    <subfield code="c">&#x633;&#x6C1;&#x6CC;&#x644; &#x627;&#x62E;&#x62A;&#x631;</subfield>
  </datafield>
  <datafield tag="246" ind1=" " ind2=" ">
    <subfield code="a">Munjamid Aflak Ke Saye Tale /</subfield>
    <subfield code="b">by Suhail Akhtar </subfield>
  </datafield>
  <datafield tag="260" ind1=" " ind2=" ">
    <subfield code="a">&#x628;&#x6BE;&#x648;&#x628;&#x646;&#x6CC;&#x634;&#x648;&#x631;</subfield>
    <subfield code="b">&#x62C;&#x6AF;&#x646;&#x648; &#x628;&#x6A9;&#x633; </subfield>
    <subfield code="c">2009</subfield>
  </datafield>
  <datafield tag="270" ind1=" " ind2=" ">
    <subfield code="a">Mig-331, M2, Jugnu Box Sita Sai Enclave</subfield>
    <subfield code="b">Bhubaneswar</subfield>
    <subfield code="e">751022</subfield>
  </datafield>
  <datafield tag="300" ind1=" " ind2=" ">
    <subfield code="a">136 &#x635;</subfield>
    <subfield code="b">22 &#x633; &#x645; (Hb)</subfield>
  </datafield>
  <datafield tag="710" ind1=" " ind2=" ">
    <subfield code="a">&#x633;&#x627;&#x62D;&#x644; &#x627;&#x62D;&#x645;&#x62F;</subfield>
    <subfield code="9">13526</subfield>
  </datafield>
  <datafield tag="942" ind1=" " ind2=" ">
    <subfield code="2">ddc</subfield>
    <subfield code="c">UR</subfield>
    <subfield code="h">841</subfield>
    <subfield code="m">&#x633; &#x6C1; &#x6CC;</subfield>
  </datafield>
  <datafield tag="999" ind1=" " ind2=" ">
    <subfield code="c">41990</subfield>
    <subfield code="d">41990</subfield>
  </datafield>
  <datafield tag="952" ind1=" " ind2=" ">
    <subfield code="0">0</subfield>
    <subfield code="1">0</subfield>
    <subfield code="2">ddc</subfield>
    <subfield code="4">0</subfield>
    <subfield code="7">1</subfield>
    <subfield code="8">NFIC</subfield>
    <subfield code="a">DBAD</subfield>
    <subfield code="b">DBAD</subfield>
    <subfield code="d">2010-08-14</subfield>
    <subfield code="e">DBAD/PUB</subfield>
    <subfield code="g">150.00</subfield>
    <subfield code="l">0</subfield>
    <subfield code="o">841 &#x633; &#x6C1; &#x6CC;</subfield>
    <subfield code="p">U-6286</subfield>
    <subfield code="r">2010-08-14 00:00:00</subfield>
    <subfield code="t">1</subfield>
    <subfield code="v">150.00</subfield>
    <subfield code="y">UR</subfield>
  </datafield>
</record>
